000
00345nam a2200145Ia 4500
003
OSt
005
20240311102326.0
008
170523s9999 xx 000 0 und d
020
_a
978-8120328488
040
_c
IIMT UNIVERSITY MEERUT
100
_a
Varghese- P.C.
245
0
_a
Building Materials
260
_a
New Delhi : PHI
942
_2
ddc
_c
02
999
_c
11690
_d
11690